Регионална библиотека "Любен Каравелов" - Русе

Истината за случая "Хари Куебърт" (Запис номер 513355)

MARC детайли
000 -Лидер
Лидер 01210nam a2200277 a 4500
003 - Код на организацията, давaща контролен номер
Код на организацията, даваща контролен номер BLK
005 - Дата и час на последна редакция
Дата и час на последна редакция 20250801110900.0
008 - Елементи от данни с фиксирана дължина
Елементи с фиксирана дължина 240705b bul|||||r ||||||| ||bul||
020 ## - Международен стандартен номер на книга ISBN
ISBN 9786190214441
040 ## - Източник на каталожния запис
Код на библиотеката BLK
041 ## - Код за език
Език Български
Език за КДБФ Български
080 ## - УДК
УДК текст Швейцарска литература
УДК код 821(494)
УДК – определител -312.4
УДК – код + определител 821(494)-312.4
084 ## - Класификационен индекс по друга класификация
Авторски знак Ди - Д 53
100 1# - Редна дума - Автор
Автор Дикер, Жоел
R(LIN) 61431
Години, свързани с автора 1985 -
245 10 - Сведения за заглавието
Заглавие Истината за случая "Хари Куебърт"
Авторска отговорност Жоел Дикер ; прев. от фр. Росица Ташева.
257 ## - Страна на издаване
Страна на създаване/издаване Швейцария
260 ## - Област на издателските данни
Място на издаване София
Име на издателя Колибри
Година на издаване 2024
Печатница Костинброд : Мултипринт
9 (RLIN) 209486
Издателство - префикс ISBN 978-619-02- ; 978-619-150- ; 978-954-150- ; 978-954-529-
300 ## - Физическа характеристика
Брой страници 552 с.
Размер 21 см
380 ## - Жанр
Жанр Худож. лит.
500 ## - Общи забележки
Обща забележка Ориг. загл.: Lа verite sur l'affaire Harry Quebert / Joel Dicker.
700 ## - Други автори (авторска отговорност)
Друг автор Ташева, Росица Борисова
Дати, свързани с автора 1946 -
Друга информация Преводач от френски и английски език.
9 (RLIN) 366084
852 ## - Местоположение
Отдел Заемна - подръчен фонд
Систематично-азбучна сигнатура 821-31/Д 53 Ж
942 ## - АРТИКУЛИ
Вид на библиотечния документ Книги
Скрит в OPAC Не
Периодичен библиозапис Да
Koha issues (borrowed), all copies 45
944 ## - СЪЗДАВАНЕ И РЕДАКЦИЯ на ЗАПИСА
Създаване/Редакция
Дата на регистрацията/редакция Геновева Генчева
Служител, извършил регистрацията/редакцията 30542
Номер на служител Русанова Ирена
999 ## - СИСТЕМНИ КОНТРОЛНИ НОМЕРА
Koha biblionumber 513355
Koha biblioitemnumber 513355
Наличности
Код за отписване Код за изгубен артикул Източник на класификационната схема Код за повреда Код за отдаване Артикулен № Име на библиотеката - собственик Име на библиотеката, в която се намира в момента Статус (Текущо местоположение) Дата на вписване в системата Местоположение - отдел Цена в лева Инвентарен номер Систематично азбучна сигнатура Баркод Цена в евро Служебен тип на артикула Коз за рестрикции
  Не е изгубен Universal Decimal Classification Не е повреден заемане за дома 945680 Регионална библиотека "Любен Каравелов" Русе Регионална библиотека "Любен Каравелов" Русе Заемна - подръчен фонд 2024-07-08 Заемна - подръчен фонд 17.50 120000910787 821-31/Д 53 Ж 120000910787 8.95 Книги  
  Не е изгубен Universal Decimal Classification Не е повреден заемане за дома 945681 Регионална библиотека "Любен Каравелов" Русе Регионална библиотека "Любен Каравелов" Русе Заемна - подръчен фонд 2024-07-08 Заемна - подръчен фонд 17.50 120000910786 821-31/Д 53 Ж 120000910786 8.95 Книги  
  Не е изгубен Universal Decimal Classification Не е повреден ползва се в читалня 949182 Регионална библиотека "Любен Каравелов" Русе Регионална библиотека "Любен Каравелов" Русе Хранилище 2024-09-18 Хранилище 25.00 120000912552 Цб 324444 120000912552 12.78 Книги само за читалня
Vip Innovations Ltd, Rousse, Bulgaria 2025